000 01257nam a2200373 u 4500
001 000004456
003 OSt
005 20230131094335.0
007 ta
008 090723s2002 dr r 001 0 spa d
020 _a9993461121
040 _aDO-SdBNP
_bspa
_cBPMSU
082 4 _a303.372
_bE77i 2002
_222
100 1 _aEspaillat Quiñones, Ulises Francisco,
_b1823-1878
245 1 0 _aIdeas de bien patrio :
_bUlises Francisco Espaillat Quiñones /
_c selección y compilación Emilio Rodríguez Demorizi.
250 _a3a ed.
260 _aSanto Domingo :
_bSociedad Dominicana de Bibliófilos,
_c2002
300 _a120 p. ;
_c22 cm.
490 0 _aBibliófilos 2000
504 _aIncluye referencias bibliográficas y notas al pie de las páginas
590 _aInventariado, 2022/VM
600 1 4 _a Espaillat, Ulises Francisco
_d1823-1878
_v memorias, etc
650 4 _aValores sociales
650 _aEducación cívica
_z
650 4 _aEducación moral
650 4 _aConducta (Etica)
650 4 _aEstado.
650 4 _aPatriotismo
_zRepública Dominicana
650 _a
700 1 _aRodríguez Demorizi, Emilio,
_d1908-1986
_ecomp.
710 2 _aSociedad Dominicana de Bibliófilos
910 _aVMateo V./Validado.
942 _2ddc
_cBK
999 _c14349
_d14349